01048nam a2200193Ia 4500001000900000003001000009008004100019040002500060041001400085100001700099245009500116250001100211260005200222300001200274500020700286501011400493520020700607650004000814L109-757IT-CnALBA170116s9999||||xx |||||||||||||| ||und|| aIT-CnALBAcIT-CnALBA aFRANCESE  aPALHORIES F. 0aVIES ET DOCTRINES DES GRANDS PHILOSOPHES A TRAVERS LES AGESVOL. III EPOQUE CONTEMPORAINE.  a1a ed. a PARISbANORE F. EDITEUR c1939 [1° Ed.: n.d.] a368 p.  aFILOSOFI. CONDILLAC HUME DAVID KANT. IDEALISMO TEDESCO. SCHOPENHAUER DE BIRAN MAINE. COMPTE AUGUSTE. STUART MILL SPENCER HERBERT. RENOUVIER CHARLES. FOUILLEE ALFRED. NIETZSCHE. JAMES WUILLIAM. BERGSON.  aSocietà San Paolo EM - Piazza San Paolo, 14 - 12051 ALBA (CN) (non commercial uses only) ® Copyright 2017 aFILOSOFI. CONDILLAC HUME DAVID KANT. IDEALISMO TEDESCO. SCHOPENHAUER DE BIRAN MAINE. COMPTE AUGUSTE. STUART MILL SPENCER HERBERT. RENOUVIER CHARLES. FOUILLEE ALFRED. NIETZSCHE. JAMES WUILLIAM. BERGSON.  aTRATTAZIONE STORICA DELLA FILOSOFIA